ব্যবহারিক উদ্ভিদ রোগতত্ত্ব / (Record no. 52646)
[ view plain ]
| 000 -LEADER | |
|---|---|
| fixed length control field | 00955nam a2200229 a 4500 |
| 001 - CONTROL NUMBER | |
| control field | 52646 |
| 003 - CONTROL NUMBER IDENTIFIER | |
| rucl marc code | BD-RjUL |
| 005 - DATE AND TIME OF LATEST TRANSACTION | |
| control field | 20211209075835.0 |
| 008 - FIXED-LENGTH DATA ELEMENTS--GENERAL INFORMATION | |
| fixed length control field | 160924s1985 bg ||||| |||| 00| 0 ben d |
| 020 ## - INTERNATIONAL STANDARD BOOK NUMBER | |
| Terms of availability | : Tk. 60.00 |
| 035 ## - SYSTEM CONTROL NUMBER | |
| System control number | (BD-RjUL)52766 |
| 040 ## - CATALOGING SOURCE | |
| Original cataloging agency | BD-RjUL |
| Language of cataloging | ben |
| Transcribing agency | BD-RjUL |
| 041 ## - LANGUAGE CODE | |
| Language code of text/sound track or separate title | ben |
| 082 ## - DEWEY DECIMAL CLASSIFICATION NUMBER | |
| Edition number | 23 |
| Classification number | 632 |
| Author mark and year | ASB 1985 |
| 100 1# - MAIN ENTRY--PERSONAL NAME | |
| Personal name | আশরাফুজ্জামান, হাসান |
| 9 (RLIN) | 157424 |
| 245 10 - TITLE STATEMENT | |
| Title | ব্যবহারিক উদ্ভিদ রোগতত্ত্ব / |
| Statement of responsibility, etc. | হাসান আশরাফুজ্জামান |
| 260 ## - PUBLICATION, DISTRIBUTION, ETC. (IMPRINT) | |
| Place of publication, distribution, etc. | ঢাকা : |
| Name of publisher, distributor, etc. | বাংলা একাডেমী, |
| Date of publication, distribution, etc. | ১৯৮৫ |
| 300 ## - PHYSICAL DESCRIPTION | |
| Pagination | ১১৪ পৃ. : |
| Illustrations | চিত্র ; |
| Size | ২৫ সেমি. |
| 650 ## - SUBJECT ADDED ENTRY--TOPICAL TERM | |
| Topical term or geographic name as entry element | উদ্ভিদ রোগ |
| 9 (RLIN) | 157425 |
| Form subdivision | হ্যান্ডবুকস, ম্যানুয়াল,ইত্যাদি |
| Topical term or geographic name as entry element | Plant diseases |
| 9 (RLIN) | 116935 |
| Form subdivision | Handbooks, manuals, etc. |
| 942 ## - ADDED ENTRY ELEMENTS (KOHA) | |
| Source of classification or shelving scheme | Dewey Decimal Classification |
| Koha item type | Books |
| Lost status | Source of classification or shelving scheme | Damaged status | Not for loan | Collection code | Permanent Location | Current Location | Shelving location | Date acquired | Source of acquisition | Cost, normal purchase price | Total Checkouts | Full call number | Date last seen | Copy number | Koha item type |
|---|---|---|---|---|---|---|---|---|---|---|---|---|---|---|---|
| Dewey Decimal Classification | Non-fiction | Central Library, University of Rajshahi | Central Library, University of Rajshahi | 29/10/1987 | Bangla Academy, Dhaka | 60.00 | B 632 ASB 1985 | 24/09/2016 | C-2 | Books | |||||
| Dewey Decimal Classification | Non-fiction | Central Library, University of Rajshahi | Central Library, University of Rajshahi | 29/10/1987 | Bangla Academy , Dhaka | 60.00 | B 632 ASB 1985 | 27/09/2016 | C-3 | Books | |||||
| Dewey Decimal Classification | Non-fiction | Central Library, University of Rajshahi | Central Library, University of Rajshahi | 29/10/1987 | Bangla Academy, Dhaka | 60.00 | B 632 ASB 1985 | 02/10/2016 | C-4 | Books | |||||
| Dewey Decimal Classification | Not For Loan | Non-fiction | Central Library, University of Rajshahi | Central Library, University of Rajshahi | Reading Room | 29/10/1987 | Bangla Academi, Dhaka | 60.00 | B 632 ASB 1985 | 03/05/2017 | C-1 | Books |